LEADER 01102cam2 22003011 450 001 SOBE00081069 005 20241004091330.0 100 $a20241004d1969 |||||ita|0103 ba 101 $aita 102 $aIT 200 0 $a1$fRené Le Senne 210 $aMilano$cFabbri$d1969 215 $a331 p$d24 cm 225 2 $aFilosofi contemporanei$v13 410 1$1001LAEC00016435$12001 $a*Filosofi contemporanei$v13 461 1$1001E600200062525$12001 $aTrattato di Morale Generale / René Le Senne ; a cura di Gianfranco Morra 700 1$aLe Senne$b, René$3A600200057225$4070$0385599 801 0$aIT$bUNISOB$c20241004$gRICA 850 $aUNISOB 852 $aUNISOB$j100|Coll|10|K$m16744 852 $aUNISOB$j100|Coll|10|K$m33747 912 $aSOBE00081069 940 $aM 102 Monografia moderna SBN 941 $aW 957 $a100|Coll|10|K$b000010$i-1$gSI$d16744$1rovito$2UNISOB$3UNISOB$420241004090948.0$520241004091330.0$6rovito 957 $a100|Coll|10|K$b000010$i-1 b$gSI$d33747$1rovito$2UNISOB$3UNISOB$420241004091024.0$520241004091056.0$6rovito 996 $a1$94297205 997 $aUNISOB